| 000 | 00566nam a2200169 4500 | ||
|---|---|---|---|
| 001 | 108570 | ||
| 003 | ES-MaACL | ||
| 005 | 20230906184651.0 | ||
| 007 | t| | ||
| 008 | 061121s1925 sp r ||||1| spa d | ||
| 100 | 1 |
_aMontessori, María. _982611 |
|
| 245 | 1 | 3 |
_aLa autoevaluación en la escuela elemental _b: Continuación al método de la pedagogía científica / _cMaría Montessori; traducción de Juan Palau Vera. |
| 260 |
_aBarcelona : _bAraluce, _c[1925?] |
||
| 300 |
_a651 p. ; _c23 cm. |
||
| 700 | 1 |
_aPalau Vera, Juan. _988504 |
|
| 852 |
_aES-MaACL _jD-1097 |
||
| 999 |
_c108570 _d108570 |
||